Loading...
THE AGE OF THE KUSHANAS: A NUMISMATIC STUDY
| Hovedforfatter: | |
|---|---|
| Format: | Printed Book |
| Udgivet: |
CALCUTTA
PUNTHI PUSTAK
1967
|
| Fag: |
| LEADER | 00477nam a2200169 4500 | ||
|---|---|---|---|
| 020 | |||
| 082 | |a 737.4 BHA | ||
| 100 | |a BHASKAR,Chattpadhyay. | ||
| 245 | |a THE AGE OF THE KUSHANAS: A NUMISMATIC STUDY |h English | ||
| 250 | |||
| 260 | |a CALCUTTA |b PUNTHI PUSTAK |c 1967 | ||
| 300 | |a 289 p |f HB | ||
| 650 | |a NUMISMATIC | ||
| 700 | |||
| 942 | |c TB | ||
| 999 | |c 149461 |d 149461 | ||
| 952 | |0 0 |1 0 |4 0 |6 737_400000000000000_BHA |7 0 |9 162921 |a ORI |b ORI |l 0 |o 737.4 BHA |p ORI976/E |r 2019-10-25 |w 2019-10-25 |y TB | ||